[Event "blitmenteam"]
[Site "?"]
[Date "2016.10.07"]
[Round "15.8"]
[White "Taysayev, Timur"]
[Black "Kryakvin, Dmitry"]
[Result "0-1"]
[LiveChessVersion "1.4.4"]
[BlackElo "2522"]
[WhiteElo "2259"]

1. e4 {[%clk 0:03:03]} c6 {[%clk 0:03:03]} 2. d4 {[%clk 0:03:04]} d5
{[%clk 0:03:05]} 3. Nc3 dxe4 4. Nxe4 {[%clk 0:03:07]} Bf5 5. Ng3 Bg6 6. Nf3 Nd7
{[%clk 0:03:08]} 7. Be2 {[%clk 0:03:05]} e6 {[%clk 0:03:08]} 8. O-O
{[%clk 0:03:06]} Bd6 {[%clk 0:03:06]} 9. Re1 {[%clk 0:03:07]} Ngf6
{[%clk 0:03:03]} 10. Bf1 {[%clk 0:03:08]} Qc7 {[%clk 0:03:02]} 11. c4
{[%clk 0:03:08]} O-O {[%clk 0:03:01]} 12. b3 {[%clk 0:03:02]} a5 {[%clk 0:02:59]}
13. Bb2 {[%clk 0:03:02]} a4 {[%clk 0:02:57]} 14. Bc3 {[%clk 0:02:53]} axb3
{[%clk 0:02:44]} 15. axb3 {[%clk 0:02:54]} Bf4 {[%clk 0:02:42]} 16. Ne5
{[%clk 0:02:48]} Nxe5 {[%clk 0:02:27]} 17. dxe5 {[%clk 0:02:45]} Nd7
{[%clk 0:02:27]} 18. Qe2 {[%clk 0:02:41]} Rxa1 {[%clk 0:02:21]} 19. Bxa1
{[%clk 0:02:42]} Ra8 {[%clk 0:02:16]} 20. Nh5 {[%clk 0:02:29]} Bxh5
{[%clk 0:01:45]} 21. Qxh5 {[%clk 0:02:29]} Ra2 {[%clk 0:01:35]} 22. g3
{[%clk 0:01:49]} g6 {[%clk 0:01:27]} 23. Qf3 {[%clk 0:01:40]} Bh6
{[%clk 0:01:20]} 24. Qe4 {[%clk 0:01:31]} Nc5 {[%clk 0:01:15]} 25. Qb1
{[%clk 0:01:31]} Rd2 {[%clk 0:00:56]} 26. Bc3 {[%clk 0:01:28]} Rd7
{[%clk 0:00:56]} 27. b4 {[%clk 0:01:22]} Na4 {[%clk 0:00:51]} 28. Ba1
{[%clk 0:01:21]} Bd2 {[%clk 0:00:45]} 29. Rd1 {[%clk 0:01:20]} Nc3
{[%clk 0:00:42]} 30. Bxc3 {[%clk 0:01:20]} Bxc3 {[%clk 0:00:43]} 31. Rxd7
{[%clk 0:01:10]} Qxd7 {[%clk 0:00:45]} 32. b5 {[%clk 0:00:53]} Bxe5
{[%clk 0:00:43]} 33. Qe4 {[%clk 0:00:50]} Bd4 {[%clk 0:00:43]} 34. bxc6
{[%clk 0:00:51]} bxc6 {[%clk 0:00:44]} 35. Bg2 {[%clk 0:00:49]} c5
{[%clk 0:00:42]} 36. Qe2 {[%clk 0:00:35]} Qa4 {[%clk 0:00:40]} 37. Bf3
{[%clk 0:00:35]} Qa1+ {[%clk 0:00:39]} 38. Kg2 {[%clk 0:00:37]} Qc3
{[%clk 0:00:39]} 39. h4 {[%clk 0:00:37]} Kg7 {[%clk 0:00:40]} 40. Bb7
{[%clk 0:00:37]} Qb4 {[%clk 0:00:36]} 41. Bc6 {[%clk 0:00:37]} Qb6
{[%clk 0:00:37]} 42. Bf3 {[%clk 0:00:38]} Qd6 {[%clk 0:00:38]} 43. Bb7
{[%clk 0:00:37]} f5 {[%clk 0:00:35]} 44. Ba8 {[%clk 0:00:36]} e5 {[%clk 0:00:32]}
45. Bd5 {[%clk 0:00:36]} e4 {[%clk 0:00:33]} 46. Qa2 {[%clk 0:00:37]} Qe7
{[%clk 0:00:29]} 47. Qb3 {[%clk 0:00:34]} e3 {[%clk 0:00:28]} 48. fxe3
{[%clk 0:00:35]} Be5 {[%clk 0:00:23]} 49. Qd3 {[%clk 0:00:27]} Bd6
{[%clk 0:00:21]} 50. e4 {[%clk 0:00:27]} f4 {[%clk 0:00:20]} 51. Qf3
{[%clk 0:00:26]} fxg3 {[%clk 0:00:20]} 52. Qg4 {[%clk 0:00:26]} Qf6
{[%clk 0:00:17]} 53. Qf3 {[%clk 0:00:25]} Qb2+ {[%clk 0:00:17]} 54. Kf1
{[%clk 0:00:14]} Qc1+ {[%clk 0:00:18]} 55. Kg2 {[%clk 0:00:14]} Qd2+
{[%clk 0:00:20]} 56. Kf1 {[%clk 0:00:15]} Kh6 {[%clk 0:00:20]} 57. Qe2
{[%clk 0:00:11]} Qf4+ {[%clk 0:00:19]} 58. Kg2 {[%clk 0:00:12]} Qxh4
{[%clk 0:00:18]} 59. Qf3 {[%clk 0:00:09]} Bf4 {[%clk 0:00:17]} 60. Kf1
{[%clk 0:00:09]} Kg5 {[%clk 0:00:17]} 61. Qg2 {[%clk 0:00:05]} Qg4
{[%clk 0:00:16]} 62. Qe2 {[%clk 0:00:06]} Qh3+ {[%clk 0:00:14]} 63. Qg2
{[%clk 0:00:07]} Qh5 {[%clk 0:00:15]} 64. Ke1 {[%clk 0:00:04]} Qg4
{[%clk 0:00:15]} 65. Bc6 0-1

[Event "blitmenteam"]
[Site "?"]
[Date "2016.10.07"]
[Round "15.9"]
[White "Savchenko, Boris"]
[Black "Levdansky, Alexey"]
[Result "1/2-1/2"]
[LiveChessVersion "1.4.4"]
[BlackElo "1718"]
[WhiteElo "2626"]

1. e4 {[%clk 0:03:03]} c5 {[%clk 0:03:03]} 2. Nf3 {[%clk 0:03:04]} Nc6
{[%clk 0:03:05]} 3. Nc3 {[%clk 0:03:05]} g6 {[%clk 0:03:05]} 4. d4
{[%clk 0:03:06]} cxd4 {[%clk 0:03:06]} 5. Nxd4 {[%clk 0:03:07]} Bg7
{[%clk 0:03:07]} 6. Be3 {[%clk 0:03:08]} Nf6 {[%clk 0:03:08]} 7. Bc4
{[%clk 0:03:08]} O-O {[%clk 0:03:08]} 8. Bb3 {[%clk 0:03:09]} a5 {[%clk 0:03:10]}
9. f3 {[%clk 0:03:10]} d6 {[%clk 0:03:06]} 10. Ndb5 {[%clk 0:02:56]} b6
{[%clk 0:03:04]} 11. Qd2 {[%clk 0:02:47]} Ba6 {[%clk 0:03:04]} 12. a4
{[%clk 0:02:40]} Rc8 {[%clk 0:03:00]} 13. O-O-O {[%clk 0:02:36]} Nd7
{[%clk 0:02:37]} 14. Bh6 {[%clk 0:02:22]} Nc5 {[%clk 0:02:34]} 15. Kb1
{[%clk 0:02:17]} Nxb3 {[%clk 0:02:30]} 16. cxb3 {[%clk 0:02:18]} Bxb5
{[%clk 0:02:23]} 17. Nxb5 {[%clk 0:02:17]} Nb4 {[%clk 0:02:21]} 18. Bxg7
{[%clk 0:02:11]} Kxg7 {[%clk 0:02:21]} 19. Rc1 {[%clk 0:02:11]} Rc5
{[%clk 0:02:00]} 20. h4 {[%clk 0:02:05]} Qb8 {[%clk 0:01:50]} 21. h5
{[%clk 0:02:01]} Rxc1+ {[%clk 0:01:45]} 22. Qxc1 {[%clk 0:01:47]} Rc8
{[%clk 0:01:44]} 23. Qe3 {[%clk 0:01:31]} e6 {[%clk 0:01:11]} 24. g4
{[%clk 0:01:04]} d5 {[%clk 0:00:59]} 25. hxg6 {[%clk 0:00:45]} hxg6
{[%clk 0:00:59]} 26. Qh6+ {[%clk 0:00:42]} Kf6 {[%clk 0:00:59]} 27. Qh4+
{[%clk 0:00:42]} Kg7 {[%clk 0:00:59]} 28. Qh6+ {[%clk 0:00:22]} Kf6
{[%clk 0:01:00]} 29. Qe3 {[%clk 0:00:12]} Qe5 {[%clk 0:00:46]} 30. Nd4
{[%clk 0:00:12]} Ke7 {[%clk 0:00:28]} 31. Re1 {[%clk 0:00:11]} dxe4
{[%clk 0:00:27]} 32. Qxe4 {[%clk 0:00:10]} Qxe4+ {[%clk 0:00:22]} 33. Rxe4
{[%clk 0:00:11]} Nd5 {[%clk 0:00:20]} 34. Nb5 {[%clk 0:00:09]} Rh8
{[%clk 0:00:17]} 35. Nc3 {[%clk 0:00:07]} Rh1+ {[%clk 0:00:18]} 36. Kc2
{[%clk 0:00:09]} Rh2+ {[%clk 0:00:16]} 37. Kc1 {[%clk 0:00:08]} Rh1+
{[%clk 0:00:11]} 38. Kd2 {[%clk 0:00:08]} Rh2+ {[%clk 0:00:12]} 39. Kc1
{[%clk 0:00:06]} Rh1+ {[%clk 0:00:13]} 40. Kd2 {[%clk 0:00:07]} Rh2+
{[%clk 0:00:14]} 41. Kc1 {[%clk 0:00:05]} Rh1+ {[%clk 0:00:15]} 42. Kd2
{[%clk 0:00:06]} Rh2+ {[%clk 0:00:15]} 43. Kc1 {[%clk 0:00:06]} Rh1+
{[%clk 0:00:16]} 44. Kd2 {[%clk 0:00:07]} Rh2+ {[%clk 0:00:17]} 45. Re2
{[%clk 0:00:08]} Rxe2+ {[%clk 0:00:11]} 46. Kxe2 {[%clk 0:00:09]} Kd6 1/2-1/2

[Event "blitmenteam"]
[Site "?"]
[Date "2016.10.07"]
[Round "15.10"]
[White "Tsoi, Dmitry"]
[Black "Bocharov, Dmitry"]
[Result "1/2-1/2"]
[LiveChessVersion "1.4.4"]
[BlackElo "2660"]
[WhiteElo "2179"]

1. e4 {[%clk 0:03:03]} c5 {[%clk 0:03:02]} 2. Nf3 {[%clk 0:03:05]} d6
{[%clk 0:03:03]} 3. d4 {[%clk 0:03:06]} cxd4 {[%clk 0:03:03]} 4. Nxd4
{[%clk 0:03:07]} Nf6 {[%clk 0:03:04]} 5. f3 {[%clk 0:03:09]} e6 {[%clk 0:02:38]}
6. c4 {[%clk 0:03:10]} Be7 {[%clk 0:02:39]} 7. Nc3 {[%clk 0:03:11]} O-O
{[%clk 0:02:39]} 8. Be3 {[%clk 0:03:12]} a6 {[%clk 0:02:40]} 9. Be2
{[%clk 0:03:13]} Nbd7 {[%clk 0:02:40]} 10. O-O {[%clk 0:03:13]} Qc7
{[%clk 0:02:41]} 11. Qd2 {[%clk 0:03:14]} b6 {[%clk 0:02:41]} 12. Rac1
{[%clk 0:03:15]} Bb7 {[%clk 0:02:42]} 13. Rfd1 {[%clk 0:03:15]} Rac8
{[%clk 0:02:42]} 14. Bf1 {[%clk 0:03:16]} Rfe8 {[%clk 0:02:42]} 15. Qf2
{[%clk 0:03:17]} Qb8 {[%clk 0:02:42]} 16. a3 {[%clk 0:03:03]} Bd8
{[%clk 0:02:42]} 17. Kh1 {[%clk 0:03:03]} Ne5 {[%clk 0:02:33]} 18. Na4
{[%clk 0:02:51]} Ba8 {[%clk 0:02:24]} 19. b4 {[%clk 0:02:43]} Bc7
{[%clk 0:01:28]} 20. Qg1 {[%clk 0:02:44]} h5 {[%clk 0:01:19]} 21. Nb3
{[%clk 0:02:19]} Nfd7 {[%clk 0:01:17]} 22. Bf2 {[%clk 0:02:10]} Ng6
{[%clk 0:01:11]} 23. c5 {[%clk 0:01:57]} bxc5 {[%clk 0:01:10]} 24. Bxa6
{[%clk 0:01:50]} Rcd8 {[%clk 0:01:06]} 25. Rb1 {[%clk 0:01:33]} cxb4
{[%clk 0:00:58]} 26. Ba7 {[%clk 0:01:31]} Bc6 {[%clk 0:00:48]} 27. Bxb8
{[%clk 0:01:29]} Nxb8 {[%clk 0:00:47]} 28. Nb6 {[%clk 0:01:15]} Nxa6
{[%clk 0:00:45]} 29. Na5 {[%clk 0:01:12]} Ba4 {[%clk 0:00:36]} 30. Nxa4
{[%clk 0:01:07]} Bxa5 {[%clk 0:00:37]} 31. axb4 {[%clk 0:01:00]} Nxb4
{[%clk 0:00:38]} 32. Nb6 {[%clk 0:00:55]} d5 {[%clk 0:00:37]} 33. exd5
{[%clk 0:00:51]} Bxb6 {[%clk 0:00:34]} 34. Qxb6 {[%clk 0:00:49]} Nxd5
{[%clk 0:00:35]} 35. Qf2 {[%clk 0:00:44]} h4 {[%clk 0:00:35]} 36. Rb7
{[%clk 0:00:35]} Rc8 {[%clk 0:00:30]} 37. g3 {[%clk 0:00:18]} hxg3
{[%clk 0:00:28]} 38. hxg3 {[%clk 0:00:19]} Rc3 {[%clk 0:00:27]} 39. Re1
{[%clk 0:00:14]} Rec8 {[%clk 0:00:25]} 40. Re2 {[%clk 0:00:10]} Rc1+
{[%clk 0:00:18]} 41. Kh2 {[%clk 0:00:11]} R1c5 {[%clk 0:00:15]} 42. Rbb2
{[%clk 0:00:10]} Nc3 {[%clk 0:00:12]} 43. Rec2 {[%clk 0:00:09]} Ne5
{[%clk 0:00:10]} 44. Qe3 {[%clk 0:00:04]} Nc4 {[%clk 0:00:08]} 45. Qxc3
{[%clk 0:00:04]} Nxb2 {[%clk 0:00:09]} 46. Qxc5 {[%clk 0:00:05]} Rxc5 47. Rxc5
{[%clk 0:00:07]} Nd3 {[%clk 0:00:11]} 48. Rc3 {[%clk 0:00:08]} Ne5
{[%clk 0:00:12]} 49. Kh3 {[%clk 0:00:09]} g6 {[%clk 0:00:12]} 50. f4
{[%clk 0:00:10]} Nd7 {[%clk 0:00:12]} 51. g4 {[%clk 0:00:12]} Nf6
{[%clk 0:00:12]} 52. Ra3 {[%clk 0:00:09]} Kg7 {[%clk 0:00:14]} 53. Kg3
{[%clk 0:00:10]} Nd5 {[%clk 0:00:14]} 54. Kf3 {[%clk 0:00:11]} Nf6
{[%clk 0:00:15]} 55. Ra7 {[%clk 0:00:09]} Nd5 {[%clk 0:00:16]} 56. g5
{[%clk 0:00:06]} Nc3 {[%clk 0:00:09]} 57. Ke3 {[%clk 0:00:04]} Nd5+
{[%clk 0:00:10]} 58. Ke4 {[%clk 0:00:05]} Nc3+ {[%clk 0:00:11]} 59. Ke5
{[%clk 0:00:05]} Nd5 {[%clk 0:00:12]} 60. Rb7 {[%clk 0:00:04]} Kg8
{[%clk 0:00:13]} 61. Ke4 {[%clk 0:00:05]} Kg7 {[%clk 0:00:14]} 62. Kf3
{[%clk 0:00:06]} 1/2-1/2

[Event "blitmenteam"]
[Site "?"]
[Date "2016.10.07"]
[Round "15.11"]
[White "Evdokimov, Alexander A."]
[Black "Poliakov, Artem"]
[Result "1-0"]
[LiveChessVersion "1.4.4"]
[BlackElo "2095"]
[WhiteElo "2524"]

1. d4 {[%clk 0:03:02]} d6 {[%clk 0:03:03]} 2. Nf3 {[%clk 0:03:03]} g6
{[%clk 0:03:01]} 3. e4 {[%clk 0:03:02]} Nf6 {[%clk 0:03:00]} 4. Bd3
{[%clk 0:03:03]} Bg7 {[%clk 0:03:00]} 5. O-O {[%clk 0:03:00]} O-O
{[%clk 0:03:00]} 6. h3 {[%clk 0:03:01]} c5 {[%clk 0:03:01]} 7. c3
{[%clk 0:02:53]} b6 {[%clk 0:03:00]} 8. d5 {[%clk 0:02:46]} Ba6 {[%clk 0:02:53]}
9. c4 {[%clk 0:02:41]} Bb7 {[%clk 0:02:52]} 10. Nc3 {[%clk 0:02:42]} Na6
{[%clk 0:02:51]} 11. Bg5 {[%clk 0:02:34]} Nc7 {[%clk 0:02:50]} 12. Re1
{[%clk 0:02:32]} Nd7 {[%clk 0:02:50]} 13. Qd2 {[%clk 0:02:26]} Re8
{[%clk 0:02:49]} 14. Bh6 {[%clk 0:02:23]} Bh8 {[%clk 0:02:48]} 15. Bc2
{[%clk 0:02:12]} Ne5 {[%clk 0:02:47]} 16. Nxe5 {[%clk 0:02:12]} Bxe5
{[%clk 0:02:48]} 17. Ba4 {[%clk 0:02:02]} Rf8 {[%clk 0:02:32]} 18. Bxf8
{[%clk 0:01:40]} Kxf8 {[%clk 0:02:31]} 19. f4 {[%clk 0:01:37]} Bd4+
{[%clk 0:02:29]} 20. Kh1 {[%clk 0:01:38]} a6 {[%clk 0:02:30]} 21. Rad1
{[%clk 0:01:29]} Rb8 {[%clk 0:02:26]} 22. e5 {[%clk 0:01:26]} b5 {[%clk 0:02:22]}
23. exd6 {[%clk 0:01:20]} exd6 {[%clk 0:02:18]} 24. Bb3 {[%clk 0:01:20]} b4
{[%clk 0:02:09]} 25. Ne2 {[%clk 0:01:20]} Bf6 {[%clk 0:02:10]} 26. Ba4
{[%clk 0:01:19]} a5 {[%clk 0:01:53]} 27. Ng3 {[%clk 0:01:16]} Bc8
{[%clk 0:01:51]} 28. Ne4 {[%clk 0:01:05]} Bd4 {[%clk 0:01:48]} 29. Ng5
{[%clk 0:00:52]} Kg7 {[%clk 0:01:11]} 30. Re2 {[%clk 0:00:53]} Bf6
{[%clk 0:01:00]} 31. Rde1 {[%clk 0:00:50]} Ba6 {[%clk 0:00:43]} 32. Qd3
{[%clk 0:00:49]} h6 {[%clk 0:00:31]} 33. Ne4 {[%clk 0:00:48]} Bd4
{[%clk 0:00:30]} 34. b3 {[%clk 0:00:39]} Nxd5 {[%clk 0:00:26]} 35. Qf3
{[%clk 0:00:35]} Nb6 {[%clk 0:00:14]} 36. Bc6 {[%clk 0:00:34]} d5
{[%clk 0:00:10]} 37. Nd2 {[%clk 0:00:31]} dxc4 {[%clk 0:00:10]} 38. bxc4
{[%clk 0:00:30]} Nxc4 {[%clk 0:00:10]} 39. Nxc4 {[%clk 0:00:30]} Bxc4
{[%clk 0:00:11]} 40. Re7 {[%clk 0:00:25]} Bf6 {[%clk 0:00:11]} 41. Rd7
{[%clk 0:00:24]} Qf8 {[%clk 0:00:12]} 42. Bd5 {[%clk 0:00:24]} Bxd5
{[%clk 0:00:13]} 43. Qxd5 {[%clk 0:00:25]} Bd4 {[%clk 0:00:14]} 44. Ree7
{[%clk 0:00:26]} Kh8 {[%clk 0:00:04]} 45. Rxf7 {[%clk 0:00:26]} Qg8
{[%clk 0:00:05]} 46. Rh7+ {[%clk 0:00:21]} Qxh7 {[%clk 0:00:06]} 47. Rxh7+
{[%clk 0:00:22]} Kxh7 {[%clk 0:00:07]} 48. f5 {[%clk 0:00:22]} Rg8
{[%clk 0:00:06]} 49. Qf7+ {[%clk 0:00:21]} Rg7 {[%clk 0:00:07]} 50. fxg6+
{[%clk 0:00:22]} Kh8 {[%clk 0:00:08]} 51. Qf8+ {[%clk 0:00:24]} 1-0

[Event "blitmenteam"]
[Site "?"]
[Date "2016.10.07"]
[Round "15.12"]
[White "Tsvetkov, Andrey"]
[Black "Zablotsky, Sergei"]
[Result "1/2-1/2"]
[LiveChessVersion "1.4.4"]
[BlackElo "2519"]
[WhiteElo "1917"]

1. d4 {[%clk 0:03:03]} d6 {[%clk 0:03:03]} 2. Nf3 {[%clk 0:03:04]} g6
{[%clk 0:03:02]} 3. c4 {[%clk 0:03:02]} Bg7 {[%clk 0:03:03]} 4. Nc3
{[%clk 0:03:03]} e5 {[%clk 0:03:04]} 5. g3 {[%clk 0:02:48]} exd4 {[%clk 0:03:00]}
6. Nxd4 {[%clk 0:02:48]} Ne7 {[%clk 0:03:00]} 7. Bg2 {[%clk 0:02:49]} Nbc6
{[%clk 0:03:00]} 8. Nxc6 {[%clk 0:02:19]} Nxc6 {[%clk 0:03:01]} 9. O-O
{[%clk 0:02:20]} O-O {[%clk 0:03:01]} 10. Bf4 {[%clk 0:02:17]} Be6
{[%clk 0:02:55]} 11. Qa4 {[%clk 0:01:58]} Re8 {[%clk 0:02:20]} 12. Rfd1
{[%clk 0:01:53]} Qc8 {[%clk 0:02:15]} 13. Rac1 {[%clk 0:01:44]} Bd7
{[%clk 0:02:04]} 14. Qa3 {[%clk 0:01:29]} a6 {[%clk 0:01:59]} 15. c5
{[%clk 0:01:14]} dxc5 {[%clk 0:01:45]} 16. Qxc5 {[%clk 0:01:13]} Bf8
{[%clk 0:01:29]} 1/2-1/2

[Event "blitmenteam"]
[Site "?"]
[Date "2016.10.07"]
[Round "15.13"]
[White "Sychev, Klementy"]
[Black "Alekseev, Evgeny"]
[Result "0-1"]
[LiveChessVersion "1.4.4"]
[BlackElo "2662"]
[WhiteElo "2516"]

1. e4 {[%clk 0:03:04]} c5 {[%clk 0:03:04]} 2. Nf3 {[%clk 0:03:05]} Nc6
{[%clk 0:03:05]} 3. d4 {[%clk 0:03:06]} cxd4 4. Nxd4 {[%clk 0:03:07]} e6
{[%clk 0:03:07]} 5. Nc3 {[%clk 0:03:06]} a6 {[%clk 0:03:09]} 6. Be2
{[%clk 0:03:01]} d6 {[%clk 0:03:10]} 7. O-O {[%clk 0:03:01]} Nf6 {[%clk 0:03:11]}
8. Be3 {[%clk 0:03:02]} Be7 {[%clk 0:03:12]} 9. f4 {[%clk 0:03:03]} O-O
{[%clk 0:03:13]} 10. Qe1 {[%clk 0:02:58]} Nxd4 11. Bxd4 {[%clk 0:02:59]} b5 12.
a3 Bb7 {[%clk 0:02:53]} 13. Qg3 {[%clk 0:02:59]} g6 {[%clk 0:02:54]} 14. Bd3
{[%clk 0:02:49]} Nh5 {[%clk 0:02:51]} 15. Qg4 {[%clk 0:02:49]} Nxf4
{[%clk 0:02:41]} 16. Qxf4 {[%clk 0:02:27]} e5 {[%clk 0:02:43]} 17. Bxe5
{[%clk 0:02:27]} dxe5 {[%clk 0:02:40]} 18. Qxe5 {[%clk 0:02:21]} Bd6
{[%clk 0:02:32]} 19. Qf6 {[%clk 0:02:21]} Qc7 {[%clk 0:02:27]} 20. Qh4
{[%clk 0:01:58]} Be5 {[%clk 0:02:28]} 21. Rae1 {[%clk 0:01:50]} Qd8
{[%clk 0:01:53]} 22. Qh3 {[%clk 0:01:31]} Kg7 {[%clk 0:01:46]} 23. Nd1
{[%clk 0:01:31]} Bc8 {[%clk 0:01:44]} 24. Qf3 {[%clk 0:01:16]} h5
{[%clk 0:01:39]} 25. Kh1 {[%clk 0:00:50]} Bg4 {[%clk 0:01:35]} 26. Qf2
{[%clk 0:00:51]} Qd6 {[%clk 0:01:16]} 27. g3 {[%clk 0:00:15]} Bh3
{[%clk 0:01:17]} 28. Rg1 {[%clk 0:00:16]} Bd4 {[%clk 0:01:13]} 29. Ne3
{[%clk 0:00:17]} Bxb2 {[%clk 0:01:11]} 30. Nd5 {[%clk 0:00:17]} Be5
{[%clk 0:01:07]} 31. Nf4 {[%clk 0:00:17]} Bd4 {[%clk 0:00:51]} 32. Qd2
{[%clk 0:00:09]} Bxg1 {[%clk 0:00:51]} 33. e5 {[%clk 0:00:08]} Qe7
{[%clk 0:00:26]} 34. Kxg1 {[%clk 0:00:08]} Be6 {[%clk 0:00:27]} 35. Rf1
{[%clk 0:00:08]} Rfd8 {[%clk 0:00:17]} 36. Nxh5+ {[%clk 0:00:08]} gxh5 37. Rf6
Kf8 {[%clk 0:00:14]} 38. Qh6+ {[%clk 0:00:08]} Ke8 {[%clk 0:00:16]} 39. Be4
{[%clk 0:00:04]} Rac8 {[%clk 0:00:17]} 0-1

[Event "blitmenteam"]
[Site "?"]
[Date "2016.10.07"]
[Round "15.14"]
[White "Romanov, Evgeny"]
[Black "Zakhartsov, Vladimir"]
[Result "0-1"]
[LiveChessVersion "1.4.4"]
[BlackElo "2527"]
[WhiteElo "2518"]

1. d4 {[%clk 0:03:03]} Nf6 {[%clk 0:03:03]} 2. Bg5 {[%clk 0:03:04]} Ne4
{[%clk 0:03:05]} 3. Bf4 {[%clk 0:03:05]} d5 {[%clk 0:03:06]} 4. e3
{[%clk 0:03:07]} c5 {[%clk 0:03:05]} 5. Bd3 {[%clk 0:03:08]} Nf6 {[%clk 0:03:06]}
6. Nc3 {[%clk 0:03:06]} e6 {[%clk 0:02:59]} 7. Nb5 {[%clk 0:03:04]} Na6
{[%clk 0:03:00]} 8. c3 {[%clk 0:03:05]} Be7 {[%clk 0:03:00]} 9. Nf3
{[%clk 0:03:05]} O-O {[%clk 0:03:00]} 10. h3 {[%clk 0:03:06]} Bd7
{[%clk 0:03:01]} 11. a4 {[%clk 0:03:06]} c4 {[%clk 0:02:55]} 12. Bc2
{[%clk 0:03:06]} Bxb5 13. axb5 {[%clk 0:03:06]} Nc7 {[%clk 0:02:57]} 14. Ne5
{[%clk 0:03:04]} Nxb5 {[%clk 0:02:53]} 15. g4 {[%clk 0:03:04]} Nd6
{[%clk 0:02:52]} 16. h4 {[%clk 0:03:03]} Nd7 {[%clk 0:02:45]} 17. g5
{[%clk 0:02:57]} Nxe5 {[%clk 0:02:36]} 18. Bxe5 {[%clk 0:02:57]} Nf5
{[%clk 0:02:36]} 19. Qg4 {[%clk 0:02:50]} Qd7 {[%clk 0:02:21]} 20. h5
{[%clk 0:02:49]} Bd6 {[%clk 0:02:20]} 21. e4 {[%clk 0:01:58]} dxe4
{[%clk 0:02:15]} 22. Qxe4 {[%clk 0:01:57]} Bxe5 {[%clk 0:01:59]} 23. Qxe5
{[%clk 0:01:57]} Qd6 {[%clk 0:01:44]} 24. Qe4 {[%clk 0:01:56]} Rfd8
{[%clk 0:01:38]} 25. g6 {[%clk 0:01:21]} Qd5 {[%clk 0:01:23]} 26. gxf7+
{[%clk 0:01:08]} Kxf7 {[%clk 0:01:24]} 27. Ra4 {[%clk 0:01:02]} Qxe4+
{[%clk 0:00:52]} 28. Bxe4 {[%clk 0:01:03]} Nd6 {[%clk 0:00:52]} 29. Bxh7
{[%clk 0:01:04]} a5 {[%clk 0:00:53]} 30. Bg6+ {[%clk 0:01:00]} Kf6
{[%clk 0:00:52]} 31. Kd2 {[%clk 0:00:55]} b5 {[%clk 0:00:50]} 32. Raa1
{[%clk 0:00:56]} b4 {[%clk 0:00:46]} 33. Rh3 {[%clk 0:00:53]} bxc3+
{[%clk 0:00:41]} 34. bxc3 {[%clk 0:00:54]} Rdb8 {[%clk 0:00:42]} 35. Rf3+
{[%clk 0:00:33]} Ke7 {[%clk 0:00:41]} 36. Kc2 {[%clk 0:00:25]} a4
{[%clk 0:00:40]} 37. Re3 {[%clk 0:00:24]} Kd7 {[%clk 0:00:24]} 38. Rae1
{[%clk 0:00:21]} a3 {[%clk 0:00:24]} 39. Rxe6 {[%clk 0:00:18]} a2
{[%clk 0:00:18]} 40. Re7+ {[%clk 0:00:19]} Kd8 {[%clk 0:00:19]} 41. Rxg7
{[%clk 0:00:09]} a1=Q {[%clk 0:00:19]} 42. Rg8+ {[%clk 0:00:06]} Kd7
{[%clk 0:00:18]} 43. Rxa1 {[%clk 0:00:05]} Rxg8 {[%clk 0:00:20]} 44. Rh1 0-1

[Event "blitmenteam"]
[Site "?"]
[Date "2016.10.07"]
[Round "15.15"]
[White "Kovalev, Egor"]
[Black "Levin, Evgeny A."]
[Result "1-0"]
[LiveChessVersion "1.4.4"]
[BlackElo "2480"]
[WhiteElo "2228"]

1. e4 {[%clk 0:03:04]} d5 {[%clk 0:03:03]} 2. exd5 {[%clk 0:03:05]} Qxd5
{[%clk 0:03:04]} 3. Nc3 {[%clk 0:03:06]} Qd8 {[%clk 0:03:05]} 4. Nf3
{[%clk 0:03:07]} c6 {[%clk 0:03:07]} 5. h3 {[%clk 4:12:43]} Bf5 {[%clk 0:03:07]}
6. d4 {[%clk 0:03:03]} e6 {[%clk 0:03:08]} 7. Bf4 {[%clk 0:03:02]} Nd7
{[%clk 0:03:08]} 8. Be2 {[%clk 0:03:01]} Be7 {[%clk 0:03:08]} 9. O-O
{[%clk 0:03:01]} Ngf6 {[%clk 0:03:09]} 10. Nh4 {[%clk 0:02:55]} Bg6
{[%clk 0:03:08]} 11. Bf3 {[%clk 0:02:51]} O-O {[%clk 0:03:02]} 12. Nxg6 hxg6
{[%clk 0:03:03]} 13. Qe2 {[%clk 0:02:45]} Nb6 14. Rad1 {[%clk 0:02:42]} Nbd5
{[%clk 0:03:01]} 15. Nxd5 cxd5 {[%clk 0:03:02]} 16. c4 {[%clk 0:02:41]} Qa5
{[%clk 0:02:14]} 17. a3 {[%clk 0:02:35]} Qa6 {[%clk 0:02:11]} 18. c5
{[%clk 0:02:28]} Qa4 {[%clk 0:01:57]} 19. Qd3 {[%clk 0:02:02]} b6
{[%clk 0:01:40]} 20. b3 {[%clk 0:01:59]} Qxa3 {[%clk 0:01:06]} 21. Ra1
{[%clk 0:01:57]} Qb2 {[%clk 0:00:14]} 22. Rfb1 {[%clk 0:01:58]} Qxa1
{[%clk 0:00:10]} 23. Rxa1 {[%clk 0:01:59]} bxc5 {[%clk 0:00:11]} 24. dxc5
{[%clk 0:01:47]} Bxc5 {[%clk 0:00:13]} 25. Qb5 {[%clk 0:01:43]} Bb6
{[%clk 0:00:12]} 26. Rc1 {[%clk 0:01:27]} Rfd8 {[%clk 0:00:06]} 27. g4
{[%clk 0:01:20]} Ne8 {[%clk 0:00:04]} 28. Be5 {[%clk 0:01:09]} Nd6
{[%clk 0:00:05]} 29. Qd3 {[%clk 0:01:07]} Ne8 {[%clk 0:00:05]} 30. Rc6
{[%clk 0:01:03]} Rac8 {[%clk 0:00:05]} 31. Qc3 {[%clk 0:01:03]} d4
{[%clk 0:00:05]} 32. Qc1 {[%clk 0:00:55]} Rxc6 {[%clk 0:00:06]} 33. Bxc6
{[%clk 0:00:47]} Rc8 {[%clk 0:00:07]} 34. b4 {[%clk 0:00:45]} a6 {[%clk 0:00:08]}
35. Qc2 {[%clk 0:00:37]} d3 {[%clk 0:00:05]} 36. Qa4 {[%clk 0:00:38]} d2
{[%clk 0:00:05]} 37. Bf3 {[%clk 0:00:39]} Nf6 {[%clk 0:00:04]} 38. Kg2
{[%clk 0:00:34]} Nd5 {[%clk 0:00:05]} 39. Qd1 {[%clk 0:00:27]} Nc3
{[%clk 0:00:03]} 40. Qxd2 {[%clk 0:00:23]} Nb5 {[%clk 0:00:04]} 41. Bb7
{[%clk 0:00:20]} Rd8 {[%clk 0:00:05]} 42. Qe2 {[%clk 0:00:18]} Nd4
{[%clk 0:00:04]} 43. Bxd4 {[%clk 0:00:17]} Rxd4 {[%clk 0:00:05]} 44. Qb2
{[%clk 0:00:17]} Rf4 {[%clk 0:00:06]} 45. Bxa6 {[%clk 0:00:18]} Bd4
{[%clk 0:00:06]} 46. Qd2 {[%clk 0:00:18]} g5 {[%clk 0:00:07]} 47. Bb7
{[%clk 0:00:18]} Bb6 {[%clk 0:00:07]} 48. Bf3 {[%clk 0:00:19]} g6
{[%clk 0:00:07]} 49. Qd6 {[%clk 0:00:19]} Bd4 {[%clk 0:00:06]} 50. b5
{[%clk 0:00:20]} e5 {[%clk 0:00:05]} 51. b6 {[%clk 0:00:20]} e4 {[%clk 0:00:06]}
52. Bd1 {[%clk 0:00:14]} Rxf2+ {[%clk 0:00:07]} 53. Kg3 {[%clk 0:00:15]} Rd2
{[%clk 0:00:07]} 54. b7 {[%clk 0:00:11]} Bf2+ {[%clk 0:00:04]} 55. Kg2
{[%clk 0:00:12]} 1-0